00652cam a22001812 4500001001100000005001700011008004100028040001500069245008000084250001300164260005800177300001900235650004900254650006100303650006500364700003800429852000300467000002075320151217161201.0111011s xx 000 0 eng d aKABUcKABU14aThe Kenya law reports :benvironment & land /ceditor, Gladys Boss Shollei. a1st ed. aNairobi :bNational Council for Law Reporting,c2006. acxiii, 802 p. 0aEnvironmental lawxCaseszKenya.@0000181306 0aLand usexLaw and legislationxCaseszKenya.@0000181307 0aLand tenurexLaw and legislationxCases.zKenya.@00001813081 aShollei, Gladys Boss.@00001784551